Agroforestry syllabus (DRAFT) (Record no. 9231)

000 -LEADER
fixed length control field 00242nam a22001217a 4500
040 ## - CATALOGING SOURCE
Transcribing agency SK
082 ## - DEWEY DECIMAL CLASSIFICATION NUMBER
Classification number 494
100 ## - MAIN ENTRY--AUTHOR NAME
Personal name NGUYEN VANSO
245 ## - TITLE STATEMENT
Title Agroforestry syllabus (DRAFT)
260 ## - PUBLICATION, DISTRIBUTION, ETC. (IMPRINT)
Place of publication VIETNAM
Name of publisher NGU
Year of publication 1997
300 ## - PHYSICAL DESCRIPTION
Number of Pages 12p.
942 ## - ADDED ENTRY ELEMENTS (KOHA)
Koha item type សៀវភៅភាសាអង់គ្លេស
952 ## - LOCATION AND ITEM INFORMATION (KOHA)
Withdrawn status [LOCAL, KOHA] 0
Holdings
Permanent Location Date acquired Koha item type Lost status Shelving location Barcode Current Location Full call number
Library Block C2016-08-26សៀវភៅភាសាអង់គ្លេស C185RUA045902Library Block C494 NGU 1997 C185
មជ្ឈមណ្ឌលឯការនៃសាកលវិទ្យាល័យភូមិន្ទកសិកម្មចំការដូង

Powered by Koha